[Event "Rohde op 10th"]
[Site "Sautron"]
[Date "2010.10.29"]
[Round "8"]
[White "Dziuba, Marcin"]
[Black "Pogorelov, Ruslan"]
[Result "1-0"]
[WhiteElo "2579"]
[BlackElo "2447"]
[Annotator "Primel,D"]
[PlyCount "117"]
[EventDate "2010.10.23"]
[EventType "swiss"]
[EventRounds "9"]
[EventCountry "FRA"]
[SourceTitle "EXT 2012"]
[Source "ChessBase"]
[SourceDate "2011.11.24"]
[SourceVersion "1"]
[SourceVersionDate "2011.11.24"]
[SourceQuality "1"]

1. d4 Nf6 {01h30+30s} 2. c4 e6 3. Nf3 b6 4. g3 Ba6 5. Qc2 {Trés populaire
depuis quelques années avec le gambit d4d5 qui donne une forte initiative aux
Blancs} Bb7 6. Bg2 c5 7. d5 $1 exd5 8. cxd5 Nxd5 (8... Bxd5 $143) 9. O-O Be7 (
9... Nc7 {Cet ordre de coups retombe sur la partie mais en jouant d'abord Be7,
les noirs évitent la variante 10. Nc3} 10. Rd1 (10. Nc3) 10... Be7) 10. Rd1 (
10. Qe4 Na6 $132 {Svidler,P (2738)-Karjakin,S (2727) Sochi FIDE GP 2008 (10)
0-1}) 10... Nc7 $1 {[%csl Rb7][%cal Gd7d5,Gc7e6] Lorsque j'ai analysé la
partie Maze-Vavrak de l'open Rohde 2007, je mentionnais que la ligne
secondaire Nc7 était intéressante et probablement sous-évaluée.  Elle a depuis
gagné ses galons de noblesse notamment depuis son utilisation lors d'une
partie de Grischuk. Les Noirs libèrent la diagonale "a8h1" pour éviter des
ressources tactiques car le Bb7 n'est pas protégé, tout en laissant l'option
de jouer d7d5 pour occuper le centre et le Nc7 peut également faire pression
sur la case "d4" par Ne6. Les Noirs ont une position solide mais au détriment
d'un léger retard de développement.} (10... Qc8 {La grande ligne}) (10... Nc6)
11. Nc3 $1 {[%csl Gd5]} (11. e4 $143 {Probablement trop lent et la case "d4"
affaiblie pourra être exploitée par les Noirs avec Nc6 et Ne6} O-O (11... Nc6
12. Nc3 Ne6 $132 {[%csl Gd4][%cal Ge6d4]}) 12. e5 $6 (12. Nc3 $142 Nc6 13. Be3
{[%csl Rd4]} Bf6 {Tregubov,P (2594)-Sargissian,G (2667) Mainz Ordix op 13th
rapid 2006 (11) 1/2} (13... Nb4 $5 $146 {[%cal Gb4c2,Gd7d5] La Rd1 a privé la
Q blanche d'une case de repli et les Noirs ont des ressources tactiques} 14.
Qc1 $6 {[%csl Ra1,Rc1]} (14. Qb3 b5 $1 {[%csl Rb3][%cal Gc5c4]} 15. a3 (15. Rd2
{[%cal Gb3d1]} c4 16. Qd1 Nd3 $36) 15... c4) (14. Qd2 d5 $1 {[%csl Re3][%cal
Gd5d4]} 15. exd5 Nbxd5 16. Ne5 {Bizarrement cette découverte ne semble pas
donner grand-chose aux Blancs.} Bf6 17. Nxd5 (17. Bf4 Nxf4 18. Qxf4 Qe7 19. Rd7
Bxe5 20. Rxe7 Bxf4 21. Bxb7 Bd6 22. Ree1 Rae8 $132) 17... Bxe5 18. Nxb6 Bxg2
19. Nxa8 Qxd2 20. Rxd2 Bxa8 $11) (14. Qe2 Ba6 $132 {[%csl Gb4,Rd3][%cal Ga6e2]}
))) 12... Nc6 $132 {[%csl Gd4][%cal Gc7e6,Ge6d4];Yaksin,O (2345)-Tunik,G (2503)
Vladimir op 2009 (6) 1/2}) 11... Ne6 {[%csl Gd4] Prématuré car c'est déjà la
4ème fois en 11 coups que ce N est rejoué} (11... Qc8 {[%cal Gc8b7,Ge8g8] Une
précaution utile pour roquer mais au détriment d'un net retard de
développement.} 12. Bg5 $32 {Prusikin,M (2529)-Braun,A (2558) GER-ch 80th
Saarbruecken 2009 (7) 1-0}) (11... Nc6 12. Ne5 $40 {[%cal Gg2b7] la ligne
critique} (12. Qf5 $5) 12... Qc8 $8 {[%cal Gc8b7]} 13. Qf5 {[%csl Rd7][%cal
Gf5f7]} Nxe5 14. Qxe5 Ne6 15. Nd5 $44 {[%csl Gd5];Sargissian,G (2642)-Grischuk,
A (2719) EU-Cup 24th Kallithea 2008 (4) 1/2}) (11... d5 $2 12. Nxd5 Nxd5 13. e4
$40) (11... a6 12. Ne4 (12. Qf5 $142 {Arnaudov,P (2404)-Suba,M (2451) Arvier
op 2010 (7) 0-1}) (12. Be3 $14 {[%csl Gd4]}) 12... d5 $1 {Khmelniker,I (2411)
-Sulskis,S (2528) EU-ch 8th Dresden 2007 (7) 1/2}) 12. Ne5 $1 $146 {[%csl Rb7]}
({RR} 12. a3 Nc6 13. Nd5 O-O 14. b3 Rc8 15. Bb2 Ncd4 16. Nxd4 cxd4 17. Qd3 Bxd5
18. Bxd5 Bf6 19. b4 h6 20. Rd2 Qc7 21. h4 Qd6 22. Ba2 Rfe8 23. Rad1 a5 24. bxa5
bxa5 25. Bb1 Nf8 26. e3 Rb8 {Dao Thien Hai (2510)-Eljanov,P (2720)/Dresden
2008/CBM 128/1/2-1/2 (42)}) 12... Bxg2 {06""} 13. Kxg2 a6 $6 {[%csl Rb6] 07""}
(13... Qc8 $142 14. Nd5 f6 15. Nc4 Nc6 $13) 14. Nd5 {[%csl Rb6]} O-O {29""} 15.
Nc4 $44 {[%csl Rb6,Gc4,Gd5,Rd6] l'avance de développement commence а payer} Nc6
{34""} 16. Ndxb6 Ra7 (16... Ncd4 $5) 17. Be3 Re8 {48""} 18. Qa4 (18. Qe4 $16 {
[%csl Gd5]}) 18... Ned4 19. Bxd4 (19. Rd2 $5 {[%cal Gd2e2,Ga1d1]}) 19... cxd4 (
19... Nxd4 $2 20. e3 {[%csl Rd4,Rd7][%cal Gd1d8]}) 20. Nd5 Bf8 {54""} (20...
Bc5 21. Rd2 $16) 21. Rd2 Qg5 22. Nf4 Qb5 23. Qxb5 axb5 24. Nb6 Rb7 25. Nbd5 b4
26. e3 $1 (26. a4 bxa3) 26... dxe3 27. Nxe3 {[%csl Rd7][%cal Ga1d1]} Ra8 {
[%csl Ra2][%cal Gb7a7]} 28. Nc4 Na5 {66""} 29. Nxa5 Rxa5 30. b3 g6 {69""} (
30... Rba7 $132 {[%csl Ra2]}) 31. Nd5 Kg7 (31... Bh6) 32. Rc1 Bc5 33. Rcc2 {
[%csl Ra2]} d6 {[%csl Gc5]} (33... Rba7) 34. g4 $1 {[%csl Gf5][%cal Gf2f4,
Gh2h4]} Ra8 35. Re2 h6 36. h4 (36. f4) 36... Kf8 37. Kf3 f5 $6 {risqué} (37...
Re8 38. Rxe8+ Kxe8 39. Re2+ Kd8) (37... Rbb8 $142 {[%cal Gb8e8]} 38. Ke4 Re8+
39. Kd3) 38. gxf5 gxf5 39. Kf4 {[%csl Rf5]} Rf7 40. f3 {[%cal Ge2g2,Ge2e6]} Ra5
41. h5 $1 {[%csl Rh6] Fixant la faiblesse et la finale devient trés difficile
а sauver pour les Noirs.} Rfa7 42. Kxf5 Rf7+ 43. Ke4 {[%csl Gf3]} (43. Kg6 {
[%cal Gg6h6]} Rxf3 44. Rc4 $40 {[%csl Rf8][%cal Gc4e4]}) 43... Ra8 44. f4 {
[%csl Gf4]} Re8+ 45. Kd3 Rxe2 46. Rxe2 Rf5 47. Kc4 Rxh5 48. Nxb4 {[%csl Ga2]
[%cal Ga2a8]} Bxb4 49. Kxb4 Rf5 50. a4 (50. Re4 $143 h5 $13) 50... Kf7 (50...
Rxf4+ 51. Kb5 Rf7 52. Kb6 {[%cal Ga4a8]}) 51. a5 $18 {[%cal Ge2a2]} Rxf4+ 52.
Kb5 Rf3 53. b4 Ra3 54. Ka6 Rb3 55. b5 d5 56. b6 d4 57. b7 d3 58. Rd2 Ke6 59.
Rxd3 1-0

[Event "CHN-chT 3rd"]
[Site "China"]
[Date "2007.04.26"]
[Round "3"]
[White "Wang, Yue"]
[Black "Zhang, Zhong"]
[Result "0-1"]
[WhiteElo "2656"]
[BlackElo "2621"]
[Annotator "Primel,D"]
[PlyCount "84"]
[EventDate "2007.04.??"]
[EventType "team-tourn"]
[EventRounds "18"]
[EventCountry "CHN"]
[SourceTitle "EXT 2017"]
[Source "ChessBase"]
[SourceDate "2016.10.25"]
[SourceVersion "1"]
[SourceVersionDate "2016.10.25"]
[SourceQuality "1"]

1. d4 e6 2. c4 Nf6 3. Nf3 b6 4. g3 Ba6 5. Qc2 {Une ligne populaire depuis
quelques années} (5. b3) (5. Nbd2 Bb4 6. Qc2 {Transpose dans la partie}) 5...
Bb4+ $5 {Tente d'éviter la poussée c8 qui rend possivle le gambit d4d5} (5...
c5 6. d5) 6. Nbd2 (6. Bd2 {L'alternative} Be7 {Nakamura,H (2758)-Carlsen,M 
(2826) Moscow Tal Memorial 6th 2011 (9) 0-1}) 6... Bb7 $5 {Transpose dans la
variante 5. Nbd2} (6... O-O 7. Bg2 d5 8. O-O c5 9. dxc5 Bxc5 10. a3 Nbd7 11.
Qa4 Qc8 12. b4 Bd6 {Ivanisevic,I (2607)-Socko,B (2646) EU-chT (Men) 16th 2007 
(5.1) 0-1} (12... Be7 13. Nd4 $36 {[%csl Rc6][%cal Gd4c6]})) 7. Bg2 {[%cal
Gb7e4]} Be4 {[%csl Ge4] Le thème de la variante qui obtient le contrôle de
la case "e4" avec le gain de temps} (7... c5 8. dxc5 Bxc5 9. O-O (9. a3 O-O 10.
O-O) 9... Be7 10. b3 d6) 8. Qb3 Bxd2+ 9. Bxd2 O-O 10. O-O d6 11. Bc3 $5 {
Une ligne secondaire} (11. Qe3 a5 12. b3 Nbd7 13. Bc3 Re8 14. Bh3 Bb7 15. Rfd1
Qe7 16. Bb2 h6 17. Rac1 Qf8 18. Ne1 Rac8 19. Qd3 Qe7 20. Nc2 Ra8 21. Na3 Rec8
22. Nb5 a4 23. d5 axb3 24. axb3 e5 25. Ra1 Ba6 26. Nc3 Qd8 27. Ra2 Bb7 28. Rda1
Rxa2 29. Rxa2 Ra8 30. Qb1 c6 31. Bg2 cxd5 32. cxd5 b5 33. b4 Nb6 34. Rxa8 Qxa8
35. e4 Nc4 36. Bc1 Ba6 37. Bf1 Qc8 38. Qa2 Kh7 39. Kg2 Nd7 40. Bxc4 bxc4 {
Yilmaz,M (2570)-Sjugirov,S (2669) Moscow 2015 1/2-1/2}) (11. Rfd1 Nbd7 12. Rac1
Qe7 13. Qa3 $14 {[%cal Ga3e7,Gb2b4]}) (11. Rac1) 11... Nbd7 12. Rfe1 {
Commençant la lutte pour le contrôle de la case "e4"} h6 (12... Qe7) 13. Bh3
$1 {[%cal Gf3d2] Un thème classique dans ce genre de structure pour jouer Nd2
sans échanger les B} c5 $1 $146 {Les Noirs doivent jouer de manière active
pour éviter que les Blancs ne prennent l'initiative grace à la paire de B et
au centre.} (13... d5 14. Nd2 dxc4 15. Qxc4 Bb7 16. b4 Rc8 17. Qb3 c5 18. bxc5
Bd5 19. Qa3 bxc5 20. e4 Ba8 21. Qxa7 cxd4 22. Qxd4 Nc5 23. Qxd8 Rfxd8 24. Ba5
Rd4 25. Rac1 Ra4 26. Nb3 Nfd7 27. Red1 Bb7 28. Nxc5 Rxc5 29. Bc3 Bc6 30. Bg2
Rxa2 31. Bd4 Rcc2 32. Rxc2 Rxc2 33. f3 e5 34. Be3 Kf8 35. Bf1 Ke7 36. Bd3 Rc3
37. Kf2 Nc5 38. Be2 Rc2 39. Rd2 Rxd2 40. Bxd2 Ne6 41. Bb4+ Kd7 42. Bc4 f6 43.
Ke3 {Gyimesi,Z (2596)-Maharramzade,J (2469) Bled 2002 1/2-1/2 (76)}) 14. Rad1
$32 Qc7 15. dxc5 Nxc5 $132 {[%csl Rb3,Gc5][%cal Gc5b3,Gc5e4] Nouveau gain de
temps sur la Q Blanche qui a du mal à trouver une bonne case dans cette
variante} 16. Qa3 e5 $1 17. Nh4 a5 18. Nf5 d5 $1 19. cxd5 Nxd5 20. Bd2 Rfd8 $15
{[%csl Ge5] Les pièces Noires sont nettement plus actives} 21. Ne3 Ne7 $1 (
21... Nxe3 $143 22. Bxe3 {[%cal Gd1c1]}) 22. Bc3 Nc6 {[%csl Gd4]} 23. b3 Nd4
$36 {[%csl Gd4]} 24. Qb2 {[%csl Rb2] Décidemment la Q aura été très
malheureuse dans ses choix dans cette partie!} Nd3 $3 25. Rxd3 {Les Blancs
décident de redonner du matériel mais les R Noires risquent d'être trop
fortes dans une position ouverte} (25. exd3 Nf3+ 26. Kf1 Nxh2+ (26... Bxd3+ 27.
Rxd3) (26... Rxd3 27. Rc1 Nxh2+ 28. Kg1 Nf3+ 29. Kf1 Qb7 $36 {La position
Blanche peut peut-être tenir mais c'est très pénible à jouer.}) 27. Ke2
Bf3+ 28. Kd2 $13 {[%cal Gd2c1]} Bxd1 29. Rxd1 Nf3+ 30. Kc2 Nd4+ 31. Kc1 b5 $1 {
[%cal Ga8a6]} (31... Qxc3+ 32. Qxc3 Ne2+ 33. Kd2 Nxc3 34. Kxc3 {[%csl Gh3] Le
Bh3 empêche le développement de la Rac8 et l'attaque Noire s'essoufle un peu}
Kf8) 32. Kb1 Ra6 {Résoud le problème du Bh3} 33. Rc1 Rc6 $40) 25... Bxd3 26.
exd3 Nf3+ 27. Kf1 Nxe1 28. Kxe1 Rxd3 {[%csl Rh3][%cal Ga8d8] Le Bh3 qui
empêchait Rc7 est maintenant inutile et les R Noires sont trop fortes} 29.
Bxe5 Qc5 30. Bf1 Qb4+ $1 {Un joli coup intermédiaire} 31. Ke2 {[%csl Rf1]}
Rad8 $19 32. Kf3 Rd2 33. Qc3 Qxc3 34. Bxc3 Rxa2 35. Nf5 Ra3 (35... f6 36. Bc4+)
36. Bxg7 Rxb3+ 37. Kg4 a4 38. Bf6 Rd2 39. f4 b5 40. Nxh6+ Kh7 41. Kg5 Rd5+ 42.
Nf5 a3 0-1

[Event "Rohde op 10th"]
[Site "Sautron"]
[Date "2010.10.25"]
[Round "4"]
[White "Dziuba, Marcin"]
[Black "Pap, Gyula"]
[Result "1/2-1/2"]
[WhiteElo "2579"]
[BlackElo "2519"]
[Annotator "Primel,D"]
[PlyCount "103"]
[EventDate "2010.10.23"]
[EventType "swiss"]
[EventRounds "9"]
[EventCountry "FRA"]
[SourceTitle "EXT 2012"]
[Source "ChessBase"]
[SourceDate "2011.11.24"]
[SourceVersion "1"]
[SourceVersionDate "2011.11.24"]
[SourceQuality "1"]

1. d4 Nf6 2. c4 e6 3. g3 d5 4. Nf3 Bb4+ 5. Bd2 Be7 (5... Bd6 $5 {La dernière
mode qui donne des bon résultats pour les Noirs}) 6. Bg2 O-O 7. O-O c6 8. Qc2 (
8. Bf4 Nbd7 (8... Nh5) 9. Qc2 b6 10. Rd1 Bb7 11. Nc3 $5 {la ligne la plus
ambitieuse} dxc4 12. Nd2 {[%cal Gd2c4]} Nd5 13. Nxc4 Nxf4 14. gxf4 Qc7 15. e3 {
[%csl Ge5]} Rac8 16. Rac1 Rfd8 17. a3 Qb8 18. b4 $16 {[%csl Rb7,Gc5][%cal
Gc4e5] Les Blancs ont un bon avantage d'espace et le levier libérateur 6c5 est
difficile а réaliser}) (8. Qb3 $5 {[%cal Gd2b4] C'est une option
supplémentaire pour profiter de la position du Bd2 et échanger le bon B des
Noirs mais la manoeuvre est un peu lente.} Nbd7 9. Bb4 (9. Bf4 a5 $132) 9...
Bxb4 10. Qxb4 a5 11. Qb3 b5 12. c5 b4 13. Nbd2 Ba6 14. Rfe1 Qc7 15. e4 dxe4 16.
Nxe4 Nxe4 17. Rxe4 Nf6 18. Ree1 {Bareev,E (2707)-Shirov,A (2715)
Amber-blindfold 11th rapid 2002 (5) 0-1} (18. Rh4 $5 Rfd8 19. Ne5 Nd5 20. Qc2
h6 21. Re1 Bb5 22. Qd2 Rac8 23. Rg4 {[%cal Gd2h6]} Nf6 24. Rf4 Qe7 (24... Kh8
25. Rxf6))) 8... b6 {Retombe d'un Gambit Dame vers une Ouest-Indienne mais
l'ordre de coups astucieux des Noirs permet d'éviter la variante а la mode Qc2
menaçant le gambit d4d5} 9. Rd1 (9. Bf4 Nbd7 (9... Nh5 {Après un gambit-dame,
une Ouest-Indienne, la partie pourrait ensuite transposer dans une ...Catalane!
} 10. Bxb8 {Jussupow,A (2610)-Salov,V (2630) World Cup Barcelona 1989 (14) 0-1}
(10. Bc1 f5 $5 (10... Nf6))) 10. Nbd2 Bb7 11. e4 Rc8 12. Rad1 {[%cal Gc2b1]}
Nh5 13. Be3 Qc7 {Marin,M (2515)-Kiselev,S (2510) Ciocaltea Memorial 1993 1-0} (
13... f5 $5)) (9. b3 {[%cal Gb1c3]} Nbd7 10. Nc3 Bb7 11. e4 dxe4 12. Nxe4 c5
13. Nxf6+ Bxf6 14. Ng5 $36 {[%cal Gg2b7,Gc2h7]}) 9... Ba6 $5 {[%cal Ga6c4]
Force les Blancs а jouer b3 qu'ils voulaient éviter dans l'ouverture.} (9...
Nbd7 10. Ne5 {[%cal Ge5c4,Ge5c6]} Nxe5 11. dxe5 Ng4 12. cxd5 cxd5 13. e4 Bb7 {
Brunello,S (2467)-Zorko,J (2440) Mitropa Cup 29th 2010 (5) 1-0} (13... d4 $1 {
[%cal Gg4e5]} 14. Bf4 g5 $17)) (9... Bb7 {Plus passif} 10. Bf4 Nbd7 11. Nc3
dxc4 12. Nd2 Nd5 13. Nxc4 Nxf4 14. gxf4 Qc7 15. e3) 10. b3 (10. Ne5 $5 {
Il y a assez peu de théorie sur cette alternative} Nfd7 11. cxd5 {[%cal Gg2a8]}
cxd5 12. Bf4 (12. e4 $5 {[%cal Gd1d8]} Nxe5 13. exd5 $13 {[%cal Gd5d6,Gg2a8];
Yevseev,D (2531)-Grachev,B (2668) RUS-ch Higher League 63rd 2010 (7) 1-0} (13.
dxe5 $2 d4) 13... Be2) 12... Nxe5 13. dxe5 {[%cal Gd1d8,Ge2e4]} Qc8 $11 {
Ovetchkin,R (2473)-Grischuk,A (2704) RUS Fed Internet Cup Final 5' blitz 2004 
(9) 0-1}) 10... Nbd7 11. a4 $5 {[%cal Ga4a5,Ga1a6]} (11. Bf4 {la grande ligne})
(11. Nc3 $5 {un sacrifice interessant dont l'idée est de faire pression
indirectement sur le P"a7"} dxc4 12. e4 Rc8 13. Bf4 $44 {[%csl Gd4,Ge4][%cal
Ga1a7];Kortschnoj,V (2635)-Gurevich,M (2585) Antwerp op 1995 (6) 1-0}) 11... c5
{Le levier thématique des Noirs} (11... Rc8 {[%cal Gc8c2]} 12. a5 c5 13. axb6
Qxb6 14. Ba5 Qb8 15. Nc3 $5 $146 {Entraine un sacrifice de P intéressant pouir
ouvrir la colonne "b" et essayer de profiter de la position exposée de la Qb8}
(15. Nbd2) (15. Bc3) 15... dxc4 16. bxc4 Bxc4 17. Rab1 Nb6 18. dxc5 Bxc5 19.
Na4 $44) (11... Ne4 {[%cal Gf7f5]} 12. Be1 f5 (12... Nd6 13. Nbd2 {[%cal Ge2e4]
}) 13. a5 $14) 12. Na3 {[%csl Ra7][%cal Ga3c4,Ga3b5]} (12. Nc3 $143 dxc4 13.
bxc4 Bxc4 14. Ne5 Nxe5 {Gelfand,B (2714)-Lautier,J (2675) Biel GM 2001 (10) 1/2
} (14... Bd5 $142) (14... Rc8)) 12... Bb7 (12... cxd4 $143 13. Nxd4 Bxa3 14.
Rxa3 Qe7 15. Qb2 $16 {Dziuba,M (2556)-Kovalyov,A (2557) Dos Hermanas Internet
qual-D 10th blitz 2009 (9) 1-0}) 13. Qb2 {Un coup sophistiqué devenu populaire
а haut niveau depuis quelques années} Ne4 {[%cal Ge4d2,Gf7f5]} ({RR} 13... Rc8
14. Rac1 Ne4 15. Be1 Bf6 16. b4 Ba8 ({RR} 16... cxd4) 17. e3 ({RR} 17. Qb1 Qe7
18. cxd5 Bxd5 ({RR} 18... exd5 19. Nb5 a6 20. Nc3) 19. dxc5 bxc5 20. Nc4 cxb4
21. Bxb4 Ndc5 22. Nfe5 ({RR} 22. Nfd2 Nxf2 23. Kxf2 Rb8) 22... Nxf2 23. Kxf2
Rb8 24. Bxd5 Rxb4 25. Nc6) 17... cxd4 18. exd4 dxc4 19. Ne5 Bg5 ({RR} 19... Qe7
20. Qe2 Nd6 21. Bxa8 Rxa8 22. Nc6 Qe8 23. b5) ({RR} 19... Bd5 20. Naxc4) ({RR} 
19... Be7 20. Naxc4 f5) 20. f4 ({RR} 20. Ra1 c3) ({RR} 20. Rxc4 Nxe5 21. Rxc8
Nf3+ 22. Bxf3 Qxc8) 20... Be7 21. Naxc4 ({RR} 21. d5 Nxe5 ({RR} 21... Bxd5 22.
Bxe4) ({RR} 21... exd5 22. Bxe4) ({RR} 21... c3) 22. fxe5 c3) 21... f5 ({RR} 
21... f6 22. d5) 22. Ne3 Rxc1 23. Qxc1 ({RR} 23. Rxc1 Nxe5 24. dxe5 Qd3) 23...
Ndf6 ({RR} 23... Nxe5 24. dxe5) 24. Nc6 Qc7 25. b5 Nd5 ({RR} 25... Bxc6 26.
Qxc6 Qxc6 27. bxc6 Rc8 28. Rc1 Nd5 29. Nxd5 exd5 30. Bh3 g6 31. g4) 26. Nxd5
exd5 27. Nxe7+ Qxe7 28. Qb2 {Kramnik,V (2799)-Gelfand,B (2737)/Wijk aan Zee
2008/CBM 122/[Marin,M]/1/2-1/2 (48)}) 14. Be1 {[%cal Gd1d4]} (14. Bf4) (14. Be3
$11) 14... Bf6 {[%cal Gf6b2] Qb2 n'offre pas que des avantages} (14... f5 $5
15. e3 Bf6 16. Rac1 {Le Quang,L (2694)-Nakamura,H (2733) Cap d'Agde CCAS
Trophee KO rapid 2010 (2.1) 1-0}) 15. e3 Rc8 $146 ({RR} 15... cxd4 16. Nxd4 Qb8
17. Rac1 Rd8 18. Qb1 a6 19. a5 $1 Be7 20. Nac2 bxa5 21. Bxa5 Rc8 22. Nb4 Nef6
23. cxd5 Bxb4 24. Bxb4 Bxd5 25. Rxc8+ Qxc8 26. e4 Bb7 27. f3 Qc7 28. Be1 Rc8
29. Bf2 h6 30. Bf1 Ne5 31. Be2 g5 32. h3 Ng6 33. Bc4 h5 34. Nxe6 fxe6 {Piket,J
(2640)-Kramnik,V (2740)/Monte Carlo 1997/CBM 057 ext/1/2-1/2 (51)}) (15... Qe7)
16. Rac1 Qc7 17. b4 {la variante Qb2 permet cette poussée mais la position est
égale} Qb8 18. Qe2 (18. bxc5 bxc5) 18... cxd4 19. Nxd4 Ne5 20. cxd5 exd5 21. b5
{[%csl Gc6]} Rxc1 22. Rxc1 Qd6 $1 {Les pièces Noires commencent а s'activer}
23. Nac2 {[%csl Rc2][%cal Gc2b4,Gb4c6]} Rc8 $1 {[%cal Gc8c1] Forçant les
Blancs а perdre un tempo avant de jouer Nb4c6} (23... Rd8 $143 24. Nb4 $14 {
[%cal Gb4c6]}) 24. Rb1 (24. f4 $13) 24... Nc3 $132 25. Bxc3 Rxc3 26. Nb4 g6 27.
h3 h5 28. Qd2 Ra3 $1 29. Qd1 Qc5 $36 30. Kh1 (30. Ndc6 Nxc6 31. Nxd5 $13) 30...
Qd6 31. Ne2 Nc4 {[%csl Gc4]} 32. Nxd5 Nb2 33. Qd2 (33. Nxf6+ Qxf6 34. Qd4)
33... Bxd5 34. Qxd5 Qxd5 35. Bxd5 Nd3 (35... Nxa4) 36. Kg2 Rxa4 37. Rd1 Nc5 38.
Nf4 Kg7 39. Bc6 Ra1 40. Rd2 Rb1 41. Nd5 Rb2 (41... Be5) 42. Rxb2 Bxb2 43. f4
Kf8 44. Kf3 f6 45. e4 Bd4 (45... Ne6) 46. h4 Kf7 47. Nb4 Bc3 48. Bd5+ Kg7 49.
Nc6 a6 50. bxa6 Nxa6 51. e5 Nb4 52. Nxb4 1/2-1/2

[Event "GER-ch 80th"]
[Site "Saarbruecken"]
[Date "2009.02.12"]
[Round "7"]
[White "Prusikin, Michael"]
[Black "Braun, Arik"]
[Result "1-0"]
[WhiteElo "2529"]
[BlackElo "2558"]
[Annotator "Prusikin,M"]
[PlyCount "45"]
[EventDate "2009.02.06"]
[EventType "swiss"]
[EventRounds "9"]
[EventCountry "GER"]
[SourceTitle "EXT 2016"]
[Source "ChessBase"]
[SourceDate "2015.10.08"]
[SourceVersion "1"]
[SourceVersionDate "2015.10.08"]
[SourceQuality "1"]

1. d4 Nf6 2. c4 e6 3. Nf3 b6 4. g3 Ba6 5. Qc2 c5 6. d5 exd5 7. cxd5 Bb7 8. Bg2
Nxd5 9. O-O Nc7 10. Nc3 Be7 11. Rd1 Qc8 12. Bg5 $5 {Eine zu Hause vorbereitete
Neuerung, zuvor wurde einmal 12.e4 gespielt. Die Frage, ob 12.Bg5 besser ist
als das naheliegende 12.Bf4, ist offen, siehe die Anmerkung zum 14. Zug von
Weiß} (12. Bf4 Ne6 13. Bd6 Bxd6 14. Rxd6 O-O 15. Rad1 $14 {1-0 (32) Rusev,K 
(2543)-Kopasov,A (2205) Albena 2010}) 12... f6 13. Bf4 Ne6 14. Nd5 $5 {Die
Idee von 12.Bg5: Wenn Weiß die Läufer auf d6 tauschen möchte, spielt der
"schwarzfeldrig, in diesem Fall ist es wohl besser, auf den Zwischenzug 12.Bg5
zu verzichten und den schwrzen Bauern auf f7 zu belassen. Meine Idee bestand
darin, eher "weißfeldrig" zu agieren, um die weißen Felder zu schwäche
wurde schwarze f-Bauer "vorgelockt".} Nc6 15. Rac1 Kf7 $2 {Gekünstelt und
schlecht.} (15... O-O 16. Nxe7+ Nxe7 17. Bd6 Re8 18. b4 $14) 16. h4 g6 17. h5
g5 18. Be3 Qg8 {Der Unterschied in der Figurenstellung ist gewaltig, die
marode schwarze Stellung wird einfach "abgerissen":} 19. b4 $1 $18 cxb4 20.
Nxf6 $1 Kxf6 21. Rxd7 Bc8 22. Qxc6 Bxd7 23. Bd4+ 1-0

[Event "Andorra op 18th"]
[Site "Andorra"]
[Date "2000.06.26"]
[Round "3"]
[White "Psakhis, Lev"]
[Black "Pogorelov, Ruslan"]
[Result "1-0"]
[WhiteElo "2599"]
[BlackElo "2455"]
[Annotator "Psakhis,L"]
[PlyCount "81"]
[EventDate "2000.06.24"]
[EventType "swiss"]
[EventRounds "9"]
[EventCountry "AND"]
[SourceTitle "CBM 076 Extra"]
[Source "ChessBase"]
[SourceDate "2000.07.11"]
[SourceVersion "1"]
[SourceVersionDate "2000.07.11"]
[SourceQuality "1"]

1. d4 e6 2. Nf3 Nf6 3. c4 b6 4. g3 Ba6 5. Qb3 Nc6 6. Bd2 Bb7 7. Bc3 Na5 $6 $146
(7... Ne4 8. a3 Nxc3 (8... d5 9. Bg2 Nxc3 10. Qxc3 Be7 11. O-O O-O 12. Nbd2 Bf6
13. e3 Ne7 14. c5 Qd7 15. Rfc1 Rfc8 16. Ne5 Bxe5 17. dxe5 a5 18. Nb3 Nc6 19. f4
a4 20. Nd4 bxc5 21. Qxc5 Nxd4 22. exd4 Ra6 23. Rc2 {Fominyh,A-Sandipan,C/
Hyderabad 2000/Ajelibre/1/2-1/2 (99)}) 9. Qxc3 Be7 (9... Qf6 10. d5 Ne7 11. e4
Qxc3+ 12. Nxc3 a6 13. Bg2 g6 14. O-O Bg7 15. Rfe1 h6 16. h4 O-O 17. Rad1 exd5
18. cxd5 d6 19. e5 Rae8 20. exd6 cxd6 21. Nd4 Nf5 22. Nc6 b5 23. a4 bxa4 24.
Rxe8 {Epishin,V-Ehlvest,J/Ney York op 1998/CBM 64/ 1-0 (67)}) 10. Bg2 Bf6 11.
e3 Ne7 12. Qd3 c5 13. Nc3 cxd4 14. exd4 Rc8 15. Nb5 d5 16. cxd5 a6 17. Nc3 Nxd5
18. Ne4 Be7 19. O-O Qc7 20. Ne5 f6 21. Nf3 Qc2 22. Qxc2 {Ehlvest,J-Ivanchuk,V/
Elista 1998/CBM 65/ 0-1 (44)}) 8. Bxa5 Bxf3 9. Qxf3 bxa5 10. Nc3 Rb8 11. Rb1
Be7 (11... Bb4 $5 12. a3 $140 Be7) 12. Bg2 O-O 13. O-O c6 (13... c5 $5 14. d5
exd5 15. Nxd5 (15. cxd5 d6 {[%cal Gf6d7]}) 15... Nxd5 16. Qxd5 $14) 14. e4 d5
15. e5 Nd7 16. c5 $16 f6 17. Qg4 $1 f5 (17... fxe5 18. Qxe6+ Kh8 19. Qxc6 (19.
dxe5) 19... exd4 20. Nxd5 Bxc5 21. Bh3 Nb6 $1 22. Nc7 $1 $16 {[%cal Rc7e6]})
18. Qd1 Rf7 19. a3 $1 {[%cal Gb2b5]} g5 20. b4 axb4 21. axb4 Nf8 (21... a6 22.
Qa4) 22. Qa4 Qd7 23. b5 $18 cxb5 24. Rxb5 Rxb5 25. Qxb5 Qc8 (25... Qxb5 26.
Nxb5 {[%cal Gf1a1,Gb5d6]}) 26. Ra1 Bd8 $138 27. Nxd5 $1 Rd7 (27... exd5 28.
Bxd5 Ne6 29. Qe8+ $18) 28. c6 $1 Rg7 (28... Rxd5 29. Bxd5 exd5 30. Qxd5+ Kh8
31. Rxa7 $18) 29. Nf6+ Kh8 (29... Bxf6 30. exf6 Rf7 31. d5 Qd8 32. Qc5 Qxf6 33.
Re1) 30. Ne8 Re7 31. Nd6 {[%csl Gd6]} Qc7 32. Qb7 (32. Ra6 $5 {[%cal Gb5b7]})
32... a5 33. Qa8 Qb6 34. Nb7 (34. Nc8 $1 Qxd4 35. Nxe7 Qxa1+ 36. Bf1 $18) 34...
Re8 (34... Qxd4 35. Qxd8 Qxa1+ 36. Bf1 Rf7 37. Nd6) 35. Nxd8 (35. Rc1 $5) 35...
Rxd8 36. Qxa5 Qxd4 37. c7 Rc8 38. Rc1 Qb2 39. Qc3 Qb6 40. Qc5 Qb2 41. Rd1 1-0